000 00718nam a2200241Ia 4500
003 OSt
005 20220923220413.0
006 a|||||r|||| 00| 0
007 ta
008 220922b |||||||| |||| 00| 0 hin d
024 _a186,381
037 _cTextual
040 _aARTS
_cARTS
_bhin
041 _2hin
_ahin
082 _aY:38, 152L7
100 _aवीरेन्द्र सिंह
_9156263
245 0 _aप्रतीक दर्शन
246 _aPratīk darshana
260 _aजयपुर
_b मंगल प्रकाशन
_c1977
300 _a112 पृ.
_ccm.
942 _hY:38, 152L7
_cTEXL
_2CC
999 _c339625
_d339625